| 000 | 01156cam a22002531i 4500 | ||
|---|---|---|---|
| 003 | SA-RiAUC | ||
| 005 | 20240916081342.0 | ||
| 008 | 240915q19001999||| g 000r0 ara c | ||
| 040 |
_aSA-TaTUL _bara _cSA-RiAUC _erda |
||
| 082 | 0 | 4 |
_a252 _bب ك ر |
| 100 | 1 |
_aالبكري، عثمان بن محمد شطا الدمياطي، _dتوفي بعد 1302 هجري _eمؤلف. |
|
| 245 | 1 | 2 |
_aالدرر البهية فيما يلزم المكلف من العلوم الشرعية / _cعثمان بن محمد شطا الدمياطي البكري ؛ حققه وعلق عليه ماجد الحموي. |
| 250 | _aالطبعة الأولى. | ||
| 264 | 1 |
_a[مكان النشر غير محدد] : _b[الناشر غير محدد]، _c[بين 1900 و1999] |
|
| 300 |
_a79 صفحة ؛ _c20 سم |
||
| 336 |
_aنص _btxt _2rdacontent _3كتاب |
||
| 337 |
_aبدون وسيط _bn _2rdamedia |
||
| 338 |
_aمجلد _bnc _2rdacarrier |
||
| 650 | 7 |
_aالعبادات (فقه إسلامي) _2aucsh |
|
| 650 | 7 |
_aالشريعة الإسلامية _2aucsh |
|
| 700 | 1 |
_aالحموي، ماجد _eمحقق. |
|
| 942 |
_2ddc _cBOOK |
||
| 949 |
_aSA-JeALM _d240915 _umohamedma123 _n1 |
||
| 999 |
_c336 _d336 |
||